| 000 | 00574nam a2200205Ia 4500 | ||
|---|---|---|---|
| 005 | 20250508162157.0 | ||
| 008 | 008 250505s9999 xx 000 0 eng d | ||
| 037 | _aTextual | ||
| 040 |
_aFEDL _beng _cFEDL |
||
| 041 |
_aeng _2eng |
||
| 084 |
_a910, LEO _qFEDL |
||
| 100 | _aLeong Goh Cheng | ||
| 245 | 0 | _aPractical geography | |
| 260 |
_aKuala Lumpur, Malaysia _bOxford University Press _c1980 |
||
| 300 | _av,189p. | ||
| 490 | _aPost certificate guides | ||
| 700 |
_a Sundaram Dickson _9772504 |
||
| 942 |
_cTEXL _h910, LEO |
||
| 999 |
_c1374838 _d1374838 |
||